000 00321nam a2200133Ia 4500
008 210716s1991 xx 000 0 und d
041 _aeng
082 _a003.57 HOLM
100 _aHoltz,Matthew.
245 _aMastering ventura 3.0.
250 _a3
260 _aNew Delhi
_bBPB Publications
_c1991
300 _axxxv,632
999 _c182110
_d182110